|
|
|
|
| LEADER |
00571nam a22001571a 4500 |
| 020 |
|
|
|a 9780861313563
|
| 082 |
|
|
|a 509.2
|b BIM/S
|
| 100 |
|
|
|a Bimalendu Mitra
|9 125885
|
| 245 |
|
|
|a Sir Jagadis Chandra Bose :
|b biography for students/
|c by Bimalendu Mitra
|
| 260 |
|
|
|a Hyderabad:
|b Orient Longman,
|c 1982.
|
| 300 |
|
|
|a 104p.
|
| 650 |
|
|
|a Biography Jagadish Chandra Bose
|9 125886
|
| 650 |
|
|
|a Biography
|9 125887
|
| 942 |
|
|
|c BK
|
| 999 |
|
|
|c 42150
|d 42150
|
| 952 |
|
|
|0 0
|1 0
|4 0
|6 509_200000000000000_BIM_S
|7 0
|9 61067
|a SSUS
|b SSUS
|d 2015-01-08
|g 24.00
|o 509.2 BIM/S
|p 015294
|r 2015-01-08
|v 0.00
|w 2015-01-08
|y BK
|